01621cam a22003974i 4500003000900000005001700009008004100026020001500067035002700082040003300109082001700142100002700159245003300186264004100219300006100260336002100321337002500342338002300367490003300390505064100423526001001064526001001074526000901084526000901093526000901102526000901111526000901120526000901129526000901138526000801147526000801155526000801163526000801171526000801179611003601187PE-LiUPU20250731165528.0150623s r 000 0 d a8470501380 a(Sirsi) i9788470501388 aPE-LiUPUbspacPE-LiUPUerda04a270.9bH2211 aCristiani, L.,eautor.10aTrento.n19 /cL. Cristiani. 1aValencia, España :bEdicep,c1976. a697 páginas :bilustraciones fotos ;c28 centímetros atext2rdacontent aunmediated2rdamedia avolume2rdacarrier0 aHistoria de la iglesia ;v190 aLos orígenes del concilio de trento. -Pablo III y la realización del concilio de trento. -Los primeros trabajos del concilio. -Los acontecimientos políticos y el traslado del concilio. -Pablo III. -Concilio de trento. -Los pontificados de Marcelo II y de Pablo IV. -La última fase del concilio de trento. -La reforma católica en Italia. -Los orígenes de la compañía de Jesús. -Los comienzos del oratorio en Roma. -San Pedro canisio y la reforma católica en Alemania y Polonia. -La reforma católica en Francia en la época del concilio de trento. -La iglesia de España en el siglo XVI. -Los jesuitas misioneros. aSEG44 aSEG26 aP151 aP150 aP149 aP146 aP145 aP126 aP125 aP92 aP75 aP74 aP27 aP15 aConcilio de Trento.d1545-1563.